Протоколы Мандатной Комиссии VII Съезда Советов СССР

Доступно только в Электронных читальных залах Найти на картеНа карте
RUSMARC
00004090nac2a22002773x 450
001d93a8663-b50f-44ae-a58f-f7c70855a717
00520210716183439.0
100##$a20210612l19351935k y0rusy50 ca
1010#$arus
102##$aRU
105##$ay z |||||
1222#$ad19350131
$ad19350228
2001#$aПротоколы Мандатной Комиссии VII Съезда Советов СССР
$jЯнварь - февраль 1935
215##$a30 листов
251##$cДело
300##$aЗаголовок дела на папке: VII-й съезд Советов Союза ССР. Протоколы Мандатной Комиссии VII-го Съезда Советов СССР
300##$aМашинописный и рукописный текст
330##$aВходит в раздел описи: VII-й Съезд Советов
461#0$1001796d4672-8a00-4986-b488-6e42273792cc
$12001
$aЦЕНТРАЛЬНЫЙ ИСПОЛНИТЕЛЬНЫЙ КОМИТЕТ СССР (ЦИК СССР)
$1251
$cФонд
$1852
$j3316
$gР
462#0$10012246e4af-064a-4b66-b386-cae0ddb7fb2d
$12001
$aДела 7-го Съезда Советов и 1-й, 2-й, 3-й, 4-й Сессий 7-го созыва. 1935-1937 гг.
$vД. 60
$1251
$cОпись
$1852
$j7
5171#$aVII-й съезд Советов Союза ССР. Протоколы Мандатной Комиссии VII-го Съезда Советов СССР
60101$3RU\NLR\AUTH\880357276
$aСССР
$bЦИК
6011|$3RU\NLR\AUTH\661048804
$aСССР. Съезд советов 7-й
801#0$aRU
$bGA_RF
801#1$aRU
$bГлавНИВЦ
$c20210612
$2rusmarc
801#2$aRU
$bПБ им. Б.Н. Ельцина
$c20210716
$gRCR
$2rusmarc
852##$aГА РФ
$j60
937##$d166298388
$hГАРФ
035##$aRuPRLIB51060520
856##$uhttp://readingroom.main.prlib.ru/item.aspx?id_node=n166298388&mode=full
Формат отображения